00895 2200289 4500245006800000250001100068700001000079100001000089700001600099700001200115700001900127700001300146700001800159700001800177700001900195700001900214700002000233700001000253650001600263005001900279260001800298041001400316084000800330300002000338500023800358336000900596 aKoleksi Karya Siswa Kelas XI - PM b : Life StylecAfinahText aCet. 1 aNadia aAfina aAhmad Rafli aChintya aDinda Septiani aFadillah aMuhammad Amru aMuhammad Albi aNabila Azzahra aMuhammad Azril aNabila Septiani aNandi aKarya Siswa a20240221103843 aJakartac2024 aIndonesia a081 ailus. :c25 cm. aKoleksi karya siswa ini merupakan karya argumentasi dari beberapa siswa kelas XI-PM. Beberapa karya argumentasinya seperti Bahaya Rokok pada Tubuh karya Fadillah Azami, Pentingnya Olahraga karya Muhammad Albi dan karya-karya lainnya. atext